Hydraulics and Pneumatics (Record no. 220531)

MARC details
000 -LEADER
fixed length control field 00463nam a2200169Ia 4500
008 - FIXED-LENGTH DATA ELEMENTS--GENERAL INFORMATION
fixed length control field 230714s9999 xx 000 0 und d
020 ## - INTERNATIONAL STANDARD BOOK NUMBER
International Standard Book Number 9790000000000
041 ## - LANGUAGE CODE
Language code of text/sound track or separate title eng
082 ## - DEWEY DECIMAL CLASSIFICATION NUMBER
Classification number 621.51
Item number JAG
100 ## - MAIN ENTRY--PERSONAL NAME
Personal name Jagadeesha T.
245 ## - TITLE STATEMENT
Title Hydraulics and Pneumatics
260 ## - PUBLICATION, DISTRIBUTION, ETC. (IMPRINT)
Date of publication, distribution, etc. 2015
Name of publisher, distributor, etc. I.K. International
300 ## - PHYSICAL DESCRIPTION
Extent 427
Accompanying material [OBSOLETE, CAN/MARC] Ref 182 M (56113)
365 ## - TRADE PRICE
Currency code Rs.
Price amount 395.00
700 ## - ADDED ENTRY--PERSONAL NAME
Personal name Jagadeesha T.
906 ## - LOCAL DATA ELEMENT F, LDF (RLIN)
d O:0559105-Jul-2017B:IN9910-Jun-2017
c MECH
b 197.5

No items available.